[Event "Santa Rosa op 3rd"]
[Site "Santa Rosa"]
[Date "2018.07.08"]
[Round "3.3"]
[White "Saitua, Guillermo Alberto"]
[Black "Pizarro, Pablo"]
[Result "1/2-1/2"]
[WhiteElo "2015"]
[BlackElo "2159"]
[PlyCount "63"]
[EventDate "2018.07.07"]
[EventType "swiss"]
[EventRounds "6"]
[EventCountry "ARG"]
[SourceTitle "EXT 2024"]
[Source "ChessBase"]
[SourceDate "2023.10.10"]
[SourceVersion "1"]
[SourceVersionDate "2023.10.10"]
[SourceQuality "1"]

1. d4 f5 2. c4 Nf6 3. g3 e6 4. Bg2 d5 5. Nf3 c6 6. 0-0 Bd6 7. b3 Qe7 8. Bb2 0-0 9. Nc3 b6 10. Qc2 Ne4 11. e3 Bb7 12. Ne2 Nd7 13. Ne5 Rac8 14. f3 Ng5 15. Nf4 Nf7 16. Nfd3 c5 17. Nxd7 Qxd7 18. dxc5 bxc5 19. Rad1 Qe7 20. Rfe1 dxc4 21. bxc4 e5 22. Nf2 Ng5 23. e4 f4 24. Nh3 Ne6 25. gxf4 Nxf4 26. Nxf4 Rxf4 27. Bc1 Rff8 28. Be3 h6 29. Rd3 Bc7 30. Red1 Bc6 31. Bh3 Rcd8 32. Qg2 1/2-1/2

[Event "Neuquen U2200 op"]
[Site "Neuquen"]
[Date "2017.08.20"]
[Round "6.1"]
[White "Lima, Emanuel"]
[Black "Pizarro, Pablo"]
[Result "0-1"]
[WhiteElo "2165"]
[BlackElo "2191"]
[PlyCount "93"]
[EventDate "2017.08.18"]
[EventType "swiss"]
[EventRounds "6"]
[EventCountry "ARG"]
[SourceTitle "EXT 2024"]
[Source "ChessBase"]
[SourceDate "2023.10.10"]
[SourceVersion "1"]
[SourceVersionDate "2023.10.10"]
[SourceQuality "1"]

1. e4 c5 2. Nf3 Nc6 3. Bb5 g6 4. 0-0 Nf6 5. d4 cxd4 6. Nxd4 Nxe4 7. Re1 Nf6 8. c4 Bg7 9. Nc3 0-0 10. Nc2 d6 11. h3 a6 12. Ba4 Ne5 13. Ne3 Be6 14. Bb3 Rc8 15. Ncd5 Nfd7 16. f4 Nc6 17. Bc2 Nd4 18. Bd3 Bxd5 19. cxd5 e5 20. f5 Bh6 21. Ng4 Bxc1 22. Rxc1 Qg5 23. Rxc8 Rxc8 24. Rf1 h5 25. fxg6 fxg6 26. Nf2 Nf6 27. Kh1 Kg7 28. Qa4 Nf5 29. Ne4 Ng3+ 30. Nxg3 Qxg3 31. Qb4 Rd8 32. Qxb7+ Rd7 33. Qb3 e4 34. Bc4 Qg5 35. Qc3 Re7 36. Bxa6 e3 37. Be2 Rf7 38. Bf3 Kh6 39. Re1 Re7 40. a4 Qf4 41. a5 Re5 42. Rf1 Ng4 43. hxg4 hxg4 44. Qxe5 dxe5 45. Be2 Qg3 46. Rd1 Qh4+ 47. Kg1 0-1

[Event "Neuquen Patagonia op 1st"]
[Site "Neuquen"]
[Date "2015.11.27"]
[Round "8"]
[White "Moskalenko, Viktor"]
[Black "Pizarro, Pablo"]
[Result "1-0"]
[WhiteElo "2525"]
[BlackElo "2188"]
[PlyCount "83"]
[EventDate "2015.11.21"]
[EventType "swiss"]
[EventRounds "9"]
[EventCountry "ARG"]
[SourceTitle "CBM 169 Extra"]
[Source "ChessBase"]
[SourceDate "2015.12.18"]
[SourceVersion "1"]
[SourceVersionDate "2015.12.18"]
[SourceQuality "1"]

1. d4 d6 2. e4 g6 3. f4 Nf6 4. Nc3 Bg7 5. Nf3 c5 6. dxc5 Qa5 7. Bd3 Qxc5 8. Qe2 Nc6 9. Be3 Qa5 10. 0-0 Bg4 11. Qf2 Bxf3 12. Qxf3 0-0 13. a3 Nd7 14. Bd2 Nd4 15. Qf2 Nc5 16. Nd5 Qd8 17. Bc3 Nxd3 18. cxd3 Nb3 19. Bxg7 Kxg7 20. Rad1 e6 21. Ne3 f5 22. d4 Rc8 23. exf5 exf5 24. Rfe1 Re8 25. Nxf5+ gxf5 26. Qg3+ Kf6 27. Qxb3 Qb6 28. Qxb6 axb6 29. Rxe8 Rxe8 30. Rd3 d5 31. Rb3 Re6 32. Kf2 Rc6 33. h3 h5 34. Kg3 Kg6 35. Kh4 Kh6 36. Re3 Rc4 37. Re6+ Kg7 38. Rxb6 Rxd4 39. Kg5 Rd3 40. Rxb7+ Kg8 41. Kxf5 d4 42. g4 1-0

[Event "Neuquen Patagonia op 1st"]
[Site "Neuquen"]
[Date "2015.11.23"]
[Round "3"]
[White "Pizarro, Pablo"]
[Black "Diaz Hollemaert, Nahuel Carlos"]
[Result "0-1"]
[WhiteElo "2188"]
[BlackElo "2442"]
[PlyCount "80"]
[EventDate "2015.11.21"]
[EventType "swiss"]
[EventRounds "9"]
[EventCountry "ARG"]
[SourceTitle "CBM 169 Extra"]
[Source "ChessBase"]
[SourceDate "2015.12.18"]
[SourceVersion "1"]
[SourceVersionDate "2015.12.18"]
[SourceQuality "1"]

1. d4 g6 2. e4 d6 3. Nc3 a6 4. g3 b5 5. Bg2 Bb7 6. Nge2 b4 7. Nd5 e6 8. Nxb4 d5 9. Nd3 dxe4 10. Nc5 Bxc5 11. dxc5 Qxd1+ 12. Kxd1 Nd7 13. b4 e5 14. c3 f5 15. a4 Ngf6 16. h3 Bd5 17. Kc2 Bc4 18. Re1 Nd5 19. f3 Bd3+ 20. Kd2 a5 21. Ba3 axb4 22. Bxb4 exf3 23. Bxf3 e4 24. Nd4 Ne5 25. Bd1 0-0-0 26. Ne6 e3+ 27. Kc1 Bc4 28. Be2 Bxe2 29. Rxe2 Rde8 30. Nf4 Nxf4 31. gxf4 Nd3+ 32. Kc2 Nxf4 33. Rh2 Re4 34. a5 Kb7 35. a6+ Ka8 36. Ba5 Ne6 37. Rhh1 Rd8 38. Rhd1 Rxd1 39. Rxd1 e2 40. Re1 f4 0-1

[Event "Internet Section 17-A"]
[Site "Dos Hermanas"]
[Date "2003.03.17"]
[Round "4"]
[White "Apicella, Manuel"]
[Black "Pizarro, Pablo"]
[Result "1-0"]
[WhiteElo "2501"]
[BlackElo "2164"]
[PlyCount "55"]
[EventDate "2003.03.17"]
[EventType "swiss (blitz)"]
[EventRounds "9"]
[EventCountry "ESP"]
[SourceTitle "EXT 2004"]
[Source "ChessBase"]
[SourceDate "2003.11.25"]
[SourceVersion "1"]
[SourceVersionDate "2003.11.25"]
[SourceQuality "1"]

1. e4 d6 2. d4 Nf6 3. Nc3 g6 4. Be3 c6 5. f3 b5 6. Qd2 Nbd7 7. h4 h5 8. Nh3 Qc7 9. 0-0-0 a6 10. Ng5 Bb7 11. Kb1 Bg7 12. Ne2 c5 13. d5 Nb6 14. Nf4 Na4 15. Nfe6 fxe6 16. Nxe6 Qb8 17. Nxg7+ Kf7 18. Ne6 Bc8 19. g4 hxg4 20. fxg4 Nxe4 21. Qd3 Nf6 22. h5 gxh5 23. gxh5 Rg8 24. Bh3 b4 25. Rhf1 Nc3+ 26. Ka1 Nxd1 27. Qh7+ Ke8 28. Qxg8+ 1-0

[Event "Internet Section 16-B"]
[Site "Dos Hermanas"]
[Date "2003.03.16"]
[Round "2"]
[White "Pizarro, Pablo"]
[Black "Fierro Baquero, Martha Lorena"]
[Result "0-1"]
[WhiteElo "2164"]
[BlackElo "2334"]
[PlyCount "112"]
[EventDate "2003.03.16"]
[EventType "swiss (blitz)"]
[EventRounds "9"]
[EventCountry "ESP"]
[SourceTitle "EXT 2004"]
[Source "ChessBase"]
[SourceDate "2003.11.25"]
[SourceVersion "1"]
[SourceVersionDate "2003.11.25"]
[SourceQuality "1"]

1. d4 g6 2. e4 Bg7 3. Nf3 c5 4. dxc5 Qa5+ 5. c3 Qxc5 6. Be3 Qc7 7. Be2 Nf6 8. Nbd2 0-0 9. h3 Nc6 10. 0-0 d6 11. Re1 b6 12. Rc1 Bb7 13. Qc2 Rac8 14. Nd4 Nxd4 15. Bxd4 e5 16. Be3 d5 17. Bf3 d4 18. Bg5 dxc3 19. Qxc3 Qxc3 20. Rxc3 Rxc3 21. bxc3 Rc8 22. c4 Nd7 23. a4 Nc5 24. a5 bxa5 25. Ra1 a4 26. Be3 Bf8 27. Bxc5 Bxc5 28. Rxa4 Bb6 29. Kf1 Kf8 30. Ke2 a5 31. Ra2 Bc6 32. Bg4 Rd8 33. Rb2 Bc5 34. Nf3 f6 35. Nd2 Bb4 36. Bf3 Rd4 37. Nf1 Rxc4 38. Ne3 Rc1 39. Nd5 Bb5+ 40. Ke3 Re1+ 41. Be2 Bc5+ 42. Kf3 Bxe2+ 43. Rxe2 Rxe2 44. Kxe2 a4 45. Kd3 Kf7 46. f4 exf4 47. Nxf4 Bd6 48. Nd5 Ke6 49. Kc3 Ke5 50. g4 f5 51. gxf5 gxf5 52. Ne3 Kxe4 53. Nc4 Be7 54. Kb2 f4 55. Nb6 a3+ 56. Ka2 Kd4 0-1

[Event "Internet Section 16-B"]
[Site "Dos Hermanas"]
[Date "2003.03.16"]
[Round "3"]
[White "Polyakin, Vladimir"]
[Black "Pizarro, Pablo"]
[Result "0-1"]
[WhiteElo "2087"]
[BlackElo "2164"]
[PlyCount "136"]
[EventDate "2003.03.16"]
[EventType "swiss (blitz)"]
[EventRounds "9"]
[EventCountry "ESP"]
[SourceTitle "EXT 2004"]
[Source "ChessBase"]
[SourceDate "2003.11.25"]
[SourceVersion "1"]
[SourceVersionDate "2003.11.25"]
[SourceQuality "1"]

1. d4 g6 2. e4 d6 3. g3 Nf6 4. Nc3 Bg7 5. Bg2 0-0 6. Nge2 e5 7. h3 Nc6 8. Be3 h6 9. 0-0 exd4 10. Nxd4 Bd7 11. Qd2 Kh7 12. Rad1 Re8 13. Rfe1 Nxd4 14. Bxd4 Bc6 15. f3 a6 16. a4 b5 17. axb5 axb5 18. b4 Qc8 19. Ra1 Qb7 20. Ne2 Rxa1 21. Rxa1 Ra8 22. Qc3 Rxa1+ 23. Qxa1 Ne8 24. Nf4 Qa8 25. Qxa8 Bxa8 26. Bxg7 Kxg7 27. Bf1 c6 28. Kf2 Bb7 29. Ke3 Nc7 30. Nd3 Bc8 31. f4 f5 32. e5 dxe5 33. Nxe5 Nd5+ 34. Kd2 Nxb4 35. c3 Nd5 36. Nxc6 Nc7 37. Nd4 Bd7 38. Kc2 Kf6 39. Kb3 g5 40. Bg2 Na6 41. Bf1 Nc7 42. Bg2 Na6 43. Bf1 Nc5+ 44. Kb4 Ne4 45. Ne2 Bc6 46. c4 bxc4 47. Nd4 c3 48. Bg2 Bd7 49. fxg5+ Kxg5 50. g4 c2 51. Nxc2 Nf2 52. gxf5 Bxf5 53. Kc3 Nxh3 54. Kd2 Nf4 55. Bf3 Kh4 56. Ne3 Bg6 57. Ng2+ Nxg2 58. Bxg2 Kg3 59. Bd5 Kf2 60. Be6 h5 61. Bd7 Be4 62. Be6 Bf3 63. Bd7 Bg4 64. Bc6 h4 65. Bd5 h3 66. Be4 Bf3 67. Bxf3 Kxf3 68. Ke1 Kg2 0-1

[Event "Oz.com qual blitz"]
[Site "ICC INT"]
[Date "2000.03.05"]
[Round "9"]
[White "Mont Reynaud, Jordy"]
[Black "Pizarro, Pablo"]
[Result "1-0"]
[WhiteElo "2282"]
[BlackElo "2164"]
[PlyCount "89"]
[EventDate "2000.03.05"]
[EventType "swiss (blitz)"]
[EventRounds "9"]
[EventCountry "USA"]
[SourceTitle "EXT 2001"]
[Source "ChessBase"]
[SourceDate "2000.11.22"]
[SourceVersion "1"]
[SourceVersionDate "2000.11.22"]
[SourceQuality "1"]

1. d4 g6 2. c4 Bg7 3. Nc3 d6 4. e4 Nd7 5. Be2 e5 6. d5 Ne7 7. h4 h6 8. h5 g5 9. g4 0-0 10. f3 a5 11. Nh3 f6 12. Nf2 Nc5 13. 0-0 c6 14. Be3 Na6 15. Qd2 Qc7 16. Rfd1 Rd8 17. Rac1 Bf8 18. c5 Kh7 19. dxc6 Nxc6 20. Nb5 Qf7 21. Nxd6 Bxd6 22. cxd6 Be6 23. Bb6 Rd7 24. Bb5 Bxa2 25. Rxc6 bxc6 26. Bxc6 Bb3 27. Ra1 Rc8 28. Bxd7 Qxd7 29. Rxa5 Bc4 30. b3 Rc6 31. bxc4 Rxb6 32. c5 Rc6 33. Nd3 Qb7 34. Qa2 Kg7 35. d7 Qxd7 36. Rxa6 Qd4+ 37. Kg2 Rc7 38. Ra7 Rd7 39. Rxd7+ Qxd7 40. Qd5 Qa4 41. c6 Qc2+ 42. Nf2 Kf8 43. Qd8+ Kf7 44. c7 f5 45. c8Q 1-0

[Event "Oz.com qual blitz"]
[Site "ICC INT"]
[Date "2000.03.05"]
[Round "6"]
[White "Pizarro, Pablo"]
[Black "Batista, Gerson Peres"]
[Result "1-0"]
[WhiteElo "2164"]
[BlackElo "2234"]
[PlyCount "49"]
[EventDate "2000.03.05"]
[EventType "swiss (blitz)"]
[EventRounds "9"]
[EventCountry "USA"]
[SourceTitle "EXT 2001"]
[Source "ChessBase"]
[SourceDate "2000.11.22"]
[SourceVersion "1"]
[SourceVersionDate "2000.11.22"]
[SourceQuality "1"]

1. d4 Nf6 2. Bg5 g6 3. Nc3 Bg7 4. e4 d6 5. f4 c5 6. e5 dxe5 7. dxe5 Qxd1+ 8. Rxd1 Nfd7 9. Nd5 0-0 10. Nc7 f6 11. Bc4+ Kh8 12. exf6 exf6 13. Bh4 Nb6 14. Be2 Nc6 15. Nxa8 Nxa8 16. c3 Be6 17. a3 Nb6 18. Nf3 Bb3 19. Rd2 Nc4 20. Bxc4 Bxc4 21. Bf2 Re8+ 22. Kd1 Na5 23. Re1 Rc8 24. Rd7 Bf8 25. Bh4 1-0

[Event "Najdorf Festival op"]
[Site "Buenos Aires"]
[Date "1998.10.25"]
[Round "2"]
[White "Pizarro, Pablo"]
[Black "Needleman, Alejandro"]
[Result "0-1"]
[WhiteElo "2175"]
[BlackElo "2360"]
[PlyCount "74"]
[EventDate "1998.10.??"]
[EventType "swiss"]
[EventRounds "9"]
[EventCountry "ARG"]
[SourceTitle "EXT 2002"]
[Source "ChessBase"]
[SourceDate "2001.11.25"]
[SourceVersion "1"]
[SourceVersionDate "2001.11.25"]
[SourceQuality "1"]

1. d4 c5 2. dxc5 e6 3. Nc3 Bxc5 4. Ne4 Nf6 5. Nd6+ Ke7 6. Nxc8+ Qxc8 7. e3 d5 8. Nf3 Nc6 9. c3 a6 10. b4 Bd6 11. Be2 Ne4 12. Bb2 Ne5 13. Nxe5 Bxe5 14. Rc1 Qc7 15. Qb3 b5 16. a4 Nd6 17. h3 Nc4 18. Bxc4 dxc4 19. Qc2 Qc6 20. 0-0 g6 21. Ra1 Rhd8 22. Rfd1 h5 23. Qe2 f5 24. Kf1 Rxd1+ 25. Qxd1 Rd8 26. Qc2 Rd3 27. axb5 axb5 28. Ra7+ Kd8 29. Ra3 g5 30. Bc1 g4 31. hxg4 fxg4 32. e4 Qxe4 33. Bg5+ Kc8 34. Qc1 Qd5 35. Qc2 h4 36. Bxh4 Rd2 37. Ra8+ Kb7 0-1

[Event "Torre Blanca op"]
[Site "Buenos Aires"]
[Date "1997.??.??"]
[Round "4"]
[White "Alvarez Castillo, Hector Adrian"]
[Black "Pizarro, Pablo"]
[Result "1-0"]
[WhiteElo "2200"]
[BlackElo "2145"]
[PlyCount "91"]
[EventDate "1997.??.??"]
[EventType "swiss"]
[EventRounds "9"]
[EventCountry "ARG"]
[SourceTitle "EXT 1999"]
[Source "ChessBase"]
[SourceDate "1998.11.16"]
[SourceVersion "1"]
[SourceVersionDate "1998.11.16"]
[SourceQuality "1"]

1. e4 g6 2. d4 Bg7 3. Nc3 Nc6 4. d5 Nd4 5. Nf3 c5 6. Nxd4 cxd4 7. Nb5 Qb6 8. a4 a6 9. Na3 Qc7 10. Bd3 d6 11. 0-0 Nf6 12. Bd2 b6 13. c3 dxc3 14. Bxc3 0-0 15. Rc1 Qb8 16. Qe2 Nd7 17. Bxg7 Kxg7 18. b4 a5 19. Qb2+ Kg8 20. Bb5 axb4 21. Qxb4 Nc5 22. f3 Ba6 23. Ra1 Bxb5 24. Nxb5 Ra6 25. Ra3 Rc8 26. Nd4 Qb7 27. Nc6 Rca8 28. Rfa1 Qd7 29. h3 e5 30. a5 bxa5 31. Rxa5 Qc7 32. Rxa6 Rxa6 33. Rxa6 Nxa6 34. Qa3 Nc5 35. Qa8+ Kg7 36. Qe8 Qd7 37. Qb8 f5 38. Qb4 fxe4 39. fxe4 Qf7 40. Nxe5 Qf4 41. Ng4 Nxe4 42. Qb2+ Kg8 43. Qb8+ Kg7 44. Qc7+ Qf7 45. Qc4 Nf6 46. Qc3 1-0

[Event "Villa Ballester op"]
[Site "Villa Ballester"]
[Date "1997.??.??"]
[Round "7"]
[White "Giaccio, Alfredo Gustavo"]
[Black "Pizarro, Pablo"]
[Result "1-0"]
[WhiteElo "2460"]
[BlackElo "2155"]
[PlyCount "63"]
[EventDate "1997.??.??"]
[EventType "swiss"]
[EventRounds "9"]
[EventCountry "ARG"]
[SourceTitle "EXT 1998"]
[Source "ChessBase"]
[SourceDate "1997.11.17"]
[SourceVersion "1"]
[SourceVersionDate "1997.11.17"]
[SourceQuality "1"]

1. e4 d6 2. d4 Nf6 3. Nc3 e5 4. Nf3 Nbd7 5. Bc4 Be7 6. 0-0 0-0 7. Re1 c6 8. a4 b6 9. b3 a6 10. Bb2 Qc7 11. g3 Bb7 12. Bf1 Rfe8 13. Bg2 Bf8 14. Qd2 Rad8 15. h3 g6 16. d5 c5 17. Nh2 Nh5 18. Ng4 Be7 19. Kh2 Rf8 20. f4 f6 21. f5 g5 22. h4 gxh4 23. gxh4 Nf4 24. Ne2 Nxg2 25. Nh6+ Kh8 26. Kxg2 c4 27. b4 b5 28. axb5 axb5 29. Kf3 Nb6 30. Nc3 Qd7 31. Qg2 Rde8 32. Rg1 1-0

[Event "Torre Blanca op"]
[Site "Buenos Aires"]
[Date "1997.??.??"]
[Round "1"]
[White "Pizarro, Pablo"]
[Black "Felgaer, Ruben Alejandro"]
[Result "1/2-1/2"]
[WhiteElo "2145"]
[BlackElo "2285"]
[PlyCount "94"]
[EventDate "1997.??.??"]
[EventType "swiss"]
[EventRounds "9"]
[EventCountry "ARG"]
[SourceTitle "EXT 1999"]
[Source "ChessBase"]
[SourceDate "1998.11.16"]
[SourceVersion "1"]
[SourceVersionDate "1998.11.16"]
[SourceQuality "1"]

1. d4 Nf6 2. Bg5 c5 3. Bxf6 gxf6 4. d5 Qb6 5. Qc1 d6 6. g3 Bg7 7. Nd2 f5 8. c3 0-0 9. Nh3 Nd7 10. Nf4 Nf6 11. Bg2 Qa6 12. a4 e5 13. Nd3 f4 14. b4 fxg3 15. hxg3 cxb4 16. cxb4 Qb6 17. Nc4 Qd8 18. Qg5 Ng4 19. Qxd8 Rxd8 20. e4 f5 21. f3 fxe4 22. fxe4 Bh6 23. Ke2 Bg5 24. b5 Nf6 25. Nf2 h5 26. Bh3 Bxh3 27. Rxh3 Rac8 28. Kd3 Rc5 29. Ra2 Kf7 30. Rc2 Ke7 31. Nd1 Rdc8 32. Nde3 Bxe3 33. Nxe3 Rxc2 34. Nxc2 Ng4 35. Rxh5 Nf2+ 36. Ke3 Rxc2 37. Rh7+ Kd8 38. Rxb7 Ng4+ 39. Kf3 Nf6 40. Rxa7 Rc3+ 41. Ke2 Nxe4 42. b6 Nxg3+ 43. Ke1 Ne4 44. a5 Nc5 45. a6 Rb3 46. Ra8+ Kd7 47. a7 Rxb6 1/2-1/2

[Event "Buenos Aires GP1"]
[Site "Buenos Aires"]
[Date "1994.??.??"]
[Round "8"]
[White "Pizarro, Pablo"]
[Black "Mazzoleni, Julio"]
[Result "1-0"]
[WhiteElo "2205"]
[BlackElo "2200"]
[PlyCount "73"]
[EventDate "1994.??.??"]
[EventType "swiss"]
[EventRounds "9"]
[EventCountry "ARG"]
[SourceTitle "EXT 1998"]
[Source "ChessBase"]
[SourceDate "1997.11.17"]
[SourceVersion "1"]
[SourceVersionDate "1997.11.17"]
[SourceQuality "1"]

1. d4 Nc6 2. c4 e5 3. d5 Nd4 4. e3 Nf5 5. Bd3 Nh4 6. g3 Ng6 7. h4 h5 8. Qc2 Rh6 9. Nf3 Nf6 10. Nc3 d6 11. Ng5 Be7 12. Bd2 Bd7 13. Ne6 fxe6 14. Bxg6+ Kf8 15. 0-0-0 exd5 16. cxd5 Rc8 17. Bf5 c6 18. Bxd7 Qxd7 19. e4 Rh8 20. Qd3 b5 21. dxc6 Qxc6 22. Kb1 Qc4 23. Bg5 Qxd3+ 24. Rxd3 Ng4 25. Nxb5 Bf6 26. Be3 a6 27. Nxd6 Rb8 28. Rc1 Kg8 29. f3 Nxe3 30. Rxe3 g5 31. Rh1 Rd8 32. Nf5 Kf7 33. Kc2 gxh4 34. gxh4 Rc8+ 35. Rc3 Rxc3+ 36. bxc3 Ke6 37. Rb1 1-0

[Event "Buenos Aires GP1"]
[Site "Buenos Aires"]
[Date "1994.??.??"]
[Round "6"]
[White "Pizarro, Pablo"]
[Black "Ruiz Diez, Julio Cesar"]
[Result "1/2-1/2"]
[WhiteElo "2205"]
[BlackElo "2180"]
[PlyCount "110"]
[EventDate "1994.??.??"]
[EventType "swiss"]
[EventRounds "9"]
[EventCountry "ARG"]
[SourceTitle "EXT 1998"]
[Source "ChessBase"]
[SourceDate "1997.11.17"]
[SourceVersion "1"]
[SourceVersionDate "1997.11.17"]
[SourceQuality "1"]

1. d4 d5 2. c4 e6 3. Nf3 c6 4. Qc2 Nf6 5. g3 Be7 6. Bg2 0-0 7. 0-0 Nbd7 8. Nbd2 b6 9. b3 Bb7 10. Bb2 Rc8 11. e4 dxe4 12. Nxe4 Nxe4 13. Qxe4 Nf6 14. Qe2 Qc7 15. Rad1 Qb8 16. Ne5 Rfd8 17. c5 Nd7 18. Nxd7 Rxd7 19. b4 Bf6 20. Rd2 Rcd8 21. Rfd1 Qc8 22. Bf1 Rd5 23. a4 Qc7 24. Bg2 R5d7 25. Bc3 h6 26. f4 Ba8 27. Qe4 Qb7 28. b5 Rc7 29. Qe3 Qb8 30. f5 Bg5 31. Qe5 Bxd2 32. Bxd2 Rcc8 33. Qxb8 Rxb8 34. Bf4 Rbc8 35. fxe6 fxe6 36. Bd6 cxb5 37. Bxa8 Rxa8 38. axb5 Rxd6 39. cxd6 Rd8 40. Kf2 Rxd6 41. Ke3 Rd5 42. Ra1 Rxb5 43. Rxa7 e5 44. dxe5 Rxe5+ 45. Kf3 Kh7 46. Rb7 Rb5 47. h4 Rb3+ 48. Kg4 b5 49. h5 Rb1 50. Kh3 b4 51. Kg2 b3 52. Kh2 b2 53. Rb8 g5 54. hxg6+ Kxg6 55. Kg2 Kf6 1/2-1/2